000
00295 a2200145 4500
001
181640
020
_a
040
_c
Magnum
100
_a
Queiros, Bartolomeu Campos
240
1
0
_a
Ah ! mar...
_l
por
245
1
0
_a
Ah ! mar...
362
0
_a
1899
697
_a
MAGNITO: IJ/GERAL
942
_c
BK
999
_c
181640
_d
181640